| 000 | 00436nam a22001817a 4500 | ||
|---|---|---|---|
| 003 | MPLRDC | ||
| 005 | 20220104114242.0 | ||
| 008 | 210129b ||||| |||| 00| 0 eng d | ||
| 082 | _a830.8 HGCS v.491 | ||
| 100 | _a唐经澜 | ||
| 245 |
_a奖券的传奇 _c |
||
| 250 | _a初版 | ||
| 260 |
_a _b皇冠杂志社 _c1977 |
||
| 300 | _b平 | ||
| 490 | _a皇冠丛书. 491 | ||
| 650 | _a中国文学总集 | ||
| 942 |
_cBK _o830.8 HGCS v.491 |
||
| 999 |
_c6027 _d6017 |
||